000 00390 a2200169 4500
001 175521
020 _a85-329-0106-9
040 _cMagnum
100 _aGonçalves, Heitor Antônio
240 1 0 _aCiências da escola para a vida 1
_lpor
245 1 0 _aCiências da escola para a vida 1
300 _a135
362 0 _a1996
440 1 _a
697 _aCIÊNCIAS PURAS
942 _cBK
999 _c175521
_d175521